000 01234nam a2200229Ia 4500
999 _c55747
_d55747
001 22842
003 GE_BSU
005 20230525160532.0
008 181216s ||||ge |||||||||||||| ||geo||
020 _a978-9941-9048-2-0
040 _cGE_BSU
041 _ageo
080 _a821.112.2(436)-1 მ-46
245 _aმე-20 საუკუნის ავსტრიული ლირიკა = Osterreichische Lyrik des 20. Jahrhunderts :
_b მასალები ტ. 14 /
_cიდეის ავტ. და ხელმძღვ. დათო ბარბაქაძე : წინასიტყვ. დათო ბარბაქაძე ; მთარგმნ . : ბესიკ ადეიშვილი და სხვა.
264 _aთბილისი :
_bპოლილოგი,
_c2008.
300 _a370 გვ. ;
_c 20 სმ.
541 _h7 ლ.
653 _aლექსები ქართულ და გერმანულ ენებზე
653 _aლიტერატურა
653 _aმე-20 საუკუნის ავსტრიული ლირიკა = Osterreichische Lyrik des 20. Jahrhunderts : მასალები ტ. 14
942 _cBK
_2udc